000
00317pam a2200133 a 4500
020
_c
041
_h
082
_a
820
100
_a
LAWRENCE (D.H.)
_e
author
245
_a
Sons and Lovers
_h
Textual Document
260
_b
Hachette Book Publishing India Pvt. Ltd. Gurgaon
_c
2010
300
_a
ix, 471
930
_a
9397
999
_c
840155
_d
840155